|
|
|
|
| LEADER |
00000nam1a2200000 4500 |
| 001 |
265825 |
| 005 |
20231031223303.0 |
| 020 |
|
|
|a RU
|b 86-88423
|
| 035 |
|
|
|a (RuTPU)RU\TPU\book\288827
|
| 090 |
|
|
|a 265825
|
| 100 |
|
|
|a 20140630d1986 m y0rusy5003 ca
|
| 101 |
0 |
|
|a rus
|
| 200 |
1 |
|
|a Стратегия ускорения
|e учебное пособие для системы политической учебы
|f сост. В. В. Куликов
|
| 210 |
|
|
|a Москва
|c Политиздат
|d 1986
|
| 215 |
|
|
|a 255 с.
|
| 333 |
|
|
|a Исключено из фонда НТБ ТПУ
|
| 702 |
|
1 |
|a Куликов
|b В. В.
|4 220
|
| 801 |
|
0 |
|a RU
|b RuMRKP
|c 19950704
|g psbo
|
| 801 |
|
1 |
|a RU
|b 63413507
|c 20140630
|
| 801 |
|
2 |
|a RU
|b 63413507
|c 20220203
|g RCR
|
| 942 |
|
|
|c BK
|